Vista normal
Vista MARC
- Etchart, Juana
Entrada Nombre personal
Número de registros utilizados en: 1
001 - NÚMERO DE CONTROL
- campo de control: 30927
003 - IDENTIFICADOR DEL NÚMERO DE CONTROL
- campo de control: AR-RoBPED
005 - FECHA Y HORA DE LA ÚLTIMA TRANSACCIÓN
- campo de control: 20260514093746.0
008 - DATOS DE LONGITUD FIJA
- campo de control de longitud fija: 260514|| aca||aabn | a|a d
040 ## - FUENTE DE LA CATALOGACIÓN
- Centro catalogador/agencia de origen: AR-RoBPED
100 1# - ENCABEZAMIENTO-NOMBRE DE PERSONA
- Nombre de persona: Etchart, Juana